Meranie efektívnosti bonus-malus systému

Saved in:
Bibliographic Details
Main Author: Fecenko, Jozef
Format: Book Chapter
Language:Slovak
Tags: Add Tag
No Tags, Be the first to tag this record!

MARC

LEADER 00000nla$a2200000$$$4500
001 0115655
005 20240502072304.4
041 0 |a slo 
044 |a SK 
245 1 0 |a Meranie efektívnosti bonus-malus systému  |c Jozef Fecenko 
500 |a Abstrakty 
100 1 |a Fecenko, Jozef